Studies in African land usage in Northern Rhodesia (Record no. 58777)

MARC details
000 -LEADER
fixed length control field 00493nam a2200133 a 4500
008 - FIXED-LENGTH DATA ELEMENTS--GENERAL INFORMATION
fixed length control field 120416s1949 ||||||||||||||||| || u
050 ## - LIBRARY OF CONGRESS CALL NUMBER
Classification number HD 990.Z2 All
100 ## - MAIN ENTRY--PERSONAL NAME
Personal name Allan, William
245 10 - TITLE STATEMENT
Title Studies in African land usage in Northern Rhodesia
260 ## - PUBLICATION, DISTRIBUTION, ETC.
Place of publication, distribution, etc. London
Name of publisher, distributor, etc. Geoffrey Cumberlege/O.U.P
Date of publication, distribution, etc. 1949
300 ## - PHYSICAL DESCRIPTION
Extent (vi), 85p. : ill.
350 ## - PRICE (NR) (BK AM CF MU VM SE) [OBSOLETE]
Price 0.00
995 ## - RECOMMENDATION 995 [LOCAL, UNIMARC FRANCE]
-- 0.00
-- CBU-MAIN LIBRARY (Kitwe)
-- 1
-- 0.00
-- 1
-- AVAILABLE
-- Zambiana Collection
Holdings
Withdrawn status Lost status Source of classification or shelving scheme Damaged status Not for loan Home library Current library Shelving location Date acquired Total Checkouts Full call number Barcode Date last seen Price effective from Koha item type
          CBU-MAIN LIBRARY, KITWE. CBU-MAIN LIBRARY, KITWE.   11/30/2022   HD 990.Z2 All 018662 11/30/2022 11/30/2022 MONOGRAPH